[Event "10th LCC FIDE Open 2018"]
[Site "London"]
[Date "2018.12.10"]
[Round "2"]
[White "Czopor, Maciej"]
[Black "Eggleston, David J"]
[Result "1/2-1/2"]
[WhiteElo "2164"]
[BlackElo "2397"]
[Annotator "TA"]
[PlyCount "148"]
[EventDate "2018.12.09"]
[EventType "swiss"]
[EventCountry "ENG"]
[SourceTitle "playchess.com"]
[Source "ChessBase"]
[SourceQuality "1"]

{[%evp 25,148,6,31,0,0,0,0,0,0,0,0,0,0,0,0,-92,-85,-118,-37,-29,-37,-31,-31,-30,-20,-29,32,20,20,31,33,-176,-176,-176,-176,-176,-187,-187,-176,-176,-176,-176,-127,-122,-122,-122,-82,-114,-82,-161,-139,-139,-141,-141,-138,-145,-70,-87,-83,-96,-98,-90,-90,-91,-70,-70,0,-70,-70,-78,-70,-70,-70,-71,-71,-71,-71,-71,-68,-79,-71,-77,-71,-71,-70,-70,-70,-71,-71,-71,-71,-87,-70,-77,-70,-70,-68,-68,-68,-68,-60,-60,-60,-70,-70,-70,-69,-70,-70,-70,-70,-70,-70,-70,0,0,0,0,0,0,0,0,0,0,0]} 1. e4 c5 2. Nf3 d6 3. d4 Nf6 4. Nc3 cxd4 5. Nxd4 a6 6. Be3 e5 7. Nb3 Be6 8. f3 h5 9. Nd5 {B90: Sicilian Najdorf: Unusual White 6th moves, 6 Be3 Ng4 and 6 Be3 e5} Bxd5 10. exd5 Nbd7 11. Qd2 Qc7 (11... g6 12. Be2 Bg7 13. O-O-O O-O 14. g4 a5 15. a4 Nb6 16. gxh5 Nxh5 17. Bb5 Nf6 {0-1 (71) Leko,P (2690)-Vachier Lagrave,M (2780) Batumi 2018}) 12. c4 a5 13. Rc1 g6 {LiveBook: 4 Games} 14. Be2 a4 15. Na1 Ng8 16. O-O Bh6 17. f4 Ne7 18. fxe5 Bxe3+ 19. Qxe3 Nxe5 20. c5 $146 (20. Qc3 $11 {keeps the balance.}) 20... O-O $17 (20... Nxd5 $2 21. Qd4 $18) 21. Qg5 Ra5 ({Much less strong is} 21... dxc5 22. Rcd1 $15) (21... Rad8 $17 22. cxd6 Qxd6) 22. b4 $15 axb3 $1 23. Nxb3 Rxa2 24. Nd4 Nxd5 25. Bxh5 $1 dxc5 {[#]} (25... Qd8 $11 26. Qg3 Nf6) 26. Bxg6 $1 $14 {[%mdl 512]} Nxg6 ({Don't blunder} 26... fxg6 $2 27. Rxf8+ Kxf8 28. Ne6+ Kf7 29. Nxc7 $18) 27. Qxd5 {[%mdl 64] Double Attack} Rd2 28. Rxc5 $2 {[#]} (28. Rf6 $14 {keeps the upper hand.} Ne5 29. Rxc5 (29. Qxc5 Qxc5 30. Rxc5 Re8 $11)) 28... Qe7 $1 $19 29. Nf5 Rxd5 30. Nxe7+ Nxe7 31. Rc7 Re5 32. Rxb7 Rd8 33. Rb2 Rd6 34. Rbf2 f5 35. h3 Rg6 36. Kh2 Kh7 37. Rb1 (37. g4 $17 {was worth a try.}) 37... Nd5 38. Rb5 Rd6 39. Rd2 Kg6 40. Kg3 f4+ (40... Kf7 $17 41. Kf3 Ke6) 41. Kf3 Kf5 42. Kf2 Ke6 {Strongly threatening ...Re3.} 43. g3 fxg3+ 44. Kxg3 Re3+ 45. Kh2 Re5 (45... Ra3 $15 46. h4 Ra7) 46. Ra5 (46. Kg3 $1 $11) 46... Rb6 $15 47. Rc5 Kd6 (47... Rb3 {feels hotter.} 48. Rc6+ Ke7 49. Rg6 Rc3 50. Rg7+ Kf6) 48. Rc3 Rb5 {And now ...Ke7 would win.} 49. Rg3 Ke6 50. Rf3 Ne3 51. Rf8 Ke7 52. Rf3 Rb1 {White must now prevent ...Nf1+.} 53. Ra2 Nf5 {aiming for ...Rd1.} 54. Rff2 Rbe1 55. Ra7+ Kf6 56. Ra6+ Kg5 57. Rg2+ Kf4 {Hoping for ...Rc5.} 58. Ra3 {[%csl Gh3][%cal Rg2g4]} Ne3 {( -> ...Nf1+)} 59. Rf2+ Kg5 {...Rc5 is the strong threat.} 60. Ra8 Nf5 61. Rg8+ Kf6 62. Rf8+ Kg6 63. Rg2+ Kh5 64. Rh8+ Nh6 65. Rd8 R1e4 66. Rf8 Rh4 67. Rd8 Nf7 68. Rf8 Rf4 69. Rfg8 Ng5 (69... Rf6 $15 70. R2g7 Kh6) 70. Rh8+ $1 $11 {The position is equal.} Kg6 {Threatens to win with ...Kf7.} 71. h4 Kg7 72. Rh5 {[%mdl 64] Pin} Kg6 73. Rhxg5+ Rxg5 74. Rxg5+ Kh6 {Accuracy: White = 64%, Black = 55%.} 1/2-1/2

[Event "10th LCC FIDE Open 2018"]
[Site "London"]
[Date "2018.12.10"]
[Round "2"]
[White "Georgescu, Lena"]
[Black "Lewtak, Damian"]
[Result "1/2-1/2"]
[WhiteElo "2162"]
[BlackElo "2393"]
[Annotator "TA"]
[PlyCount "68"]
[EventDate "2018.12.09"]
[EventType "swiss"]
[EventCountry "ENG"]
[SourceTitle "playchess.com"]
[Source "ChessBase"]
[SourceQuality "1"]

{[%evp 19,68,16,22,18,6,13,38,0,31,26,35,31,39,36,40,12,14,20,20,10,20,0,0,0,0,0,8,0,0,0,0,0,0,0,0,0,4,4,4,0,0,0,0,0,0,0,5,0,2,0,0]} 1. e4 c5 2. Nf3 a6 3. c3 d5 4. exd5 Qxd5 5. d4 Nc6 6. Be2 cxd4 7. cxd4 e6 8. O-O Nf6 9. Nc3 Qd8 10. Bg5 Be7 {LiveBook: 5 Games} 11. Qd2 {D27: Queen's Gambit Accepted: Classical main line: 7 e4!? and 7 a4} (11. Rc1 O-O 12. Bd3 h6 13. Bh4 Nd5 14. Bg3 Bf6 15. Bb1 Nde7 16. Be5 Nf5 17. Bxf5 exf5 18. Bxf6 Qxf6 19. d5 Ne5 20. Nxe5 Qxe5 {½-½ (78) Videnova,I (2386)-Muzychuk,M (2539) Baku 2016}) 11... O-O 12. Rfd1 Nb4 13. Rac1 {White is slightly better.} Bd7 $146 ({Predecessor:} 13... Nbd5 14. Bd3 Bd7 15. Ne5 Rc8 16. Qe2 Nxc3 17. bxc3 Ba4 18. Re1 Qd5 19. Bxf6 Bxf6 {½-½ (44) Reinhardt,E-Schweber,S Zarate 1974}) 14. Ne5 Be8 15. Bf3 Rb8 16. a3 Nbd5 17. Nxd5 Nxd5 {The position is equal.} 18. Bxe7 Nxe7 19. Qb4 a5 20. Qb3 Bc6 21. Bxc6 bxc6 22. Qc2 Rb5 23. Rd2 Rd5 24. Nxc6 Nxc6 25. Qxc6 Rxd4 26. Rxd4 Qxd4 27. Qc3 Qxc3 28. Rxc3 $11 {[%mdl 4096] Endgame KR-KR} Rb8 (28... g6 {feels hotter.} 29. Rc5 a4 30. Rc4 Ra8 31. g4 f5) 29. g3 Kf8 30. Rc5 Rxb2 31. Rxa5 Ke7 32. Kg2 Kf6 33. h4 h6 34. Ra7 g5 {Accuracy: White = 54%, Black = 72%.} 1/2-1/2

[Event "10th LCC FIDE Open 2018"]
[Site "London"]
[Date "2018.12.10"]
[Round "2"]
[White "Stone, Andrew M"]
[Black "Lacasa Diaz, Jose Antonio"]
[Result "1/2-1/2"]
[WhiteElo "2157"]
[BlackElo "2389"]
[Annotator "TA"]
[PlyCount "92"]
[EventDate "2018.12.09"]
[EventType "swiss"]
[EventCountry "ENG"]
[SourceTitle "playchess.com"]
[Source "ChessBase"]
[SourceQuality "1"]

{[%evp 20,92,48,53,58,46,45,38,45,6,35,27,29,25,23,0,3,0,0,0,2,0,0,0,0,0,0,-1,0,-11,-8,-12,0,0,0,0,0,0,0,0,0,0,0,0,0,0,9,-31,-33,-111,-113,-121,-121,-121,-92,-80,-24,-37,0,-81,0,-24,0,-70,-75,-69,-8,-8,-8,-8,0,-14,-8,-14,0]} 1. c4 e6 2. Nc3 c5 3. Nf3 Nf6 4. g3 b6 5. Bg2 Bb7 6. O-O Nc6 7. d4 Nxd4 8. Nxd4 Bxg2 9. Kxg2 cxd4 10. Qxd4 Bc5 {A30: Symmetrical English: Double Fianchetto and Hedgehog} 11. Qd3 {LiveBook: 11 Games} Qc7 (11... O-O 12. Rd1 Be7 13. e4 Qc7 14. Bf4 Qc6 15. f3 Rfd8 16. e5 Nh5 17. Be3 d6 18. exd6 Rxd6 {½-½ (52) Alvarez Pedraza,A (2544)-Ortiz Suarez,I (2561) Bogota 2012}) 12. Bf4 Qc6+ {White is slightly better.} 13. Qf3 O-O 14. Rad1 $146 ({Predecessor:} 14. Rfd1 Rfc8 15. Rac1 a6 16. e4 Bb4 17. e5 Bxc3 18. Qxc6 Rxc6 19. Rxc3 {1-0 (33) Flumbort,A (2443)-Andreikin,D (2342) Budapest 2003}) 14... Rfd8 15. Bg5 Be7 16. Qxc6 dxc6 17. Rxd8+ (17. Ne4 {with more complications.} Kf8 18. Nxf6 gxf6 19. Bh6+ Ke8 20. e4) 17... Rxd8 18. Rd1 Rxd1 19. Nxd1 h6 20. Bxf6 Bxf6 $11 {[%mdl 4096] Endgame KB-KN} 21. Kf3 Kf8 22. Ke4 Ke7 23. b3 g6 24. Ne3 Kd6 25. Nc2 h5 26. f4 Bb2 27. Ne1 f5+ 28. Kd3 e5 29. fxe5+ Bxe5 30. Nf3 Bf6 31. e4 Ke6 32. Ke3 g5 33. h3 g4 34. exf5+ (34. hxg4 $15 fxg4 35. Nd4+ Kd7 36. Kd3) 34... Kxf5 $17 35. hxg4+ Kxg4 36. Kf2 Bc3 37. Nh2+ Kh3 ({Better is} 37... Kg5 $17) 38. Nf3 Kg4 39. Nh2+ Kh3 (39... Kf5 $17) 40. Nf3 $11 c5 41. Ng1+ (41. Ng5+ $1 $11 Kg4 42. Ne4) 41... Kg4 $15 {[#] And now ...Bd4+ would win.} 42. Ne2 Be5 (42... Bd2 $1 $15) 43. Kg2 $11 {The position is equal.} Bd6 44. Kf2 Be5 45. Kg2 Bc7 46. Kf2 Be5 {Accuracy: White = 62%, Black = 55%.} 1/2-1/2

[Event "10th LCC FIDE Open 2018"]
[Site "London"]
[Date "2018.12.10"]
[Round "2"]
[White "Woong, Zhi Wei William"]
[Black "Milliet, Sophie"]
[Result "0-1"]
[WhiteElo "2146"]
[BlackElo "2376"]
[Annotator "TA"]
[PlyCount "112"]
[EventDate "2018.12.09"]
[EventType "swiss"]
[EventCountry "ENG"]
[SourceTitle "playchess.com"]
[Source "ChessBase"]
[SourceQuality "1"]

{[%evp 27,112,0,-7,-13,-8,-18,-20,-12,-5,-26,-15,-15,-16,-12,-12,-13,-11,-7,-7,-10,0,0,0,0,0,0,0,5,4,0,0,0,0,0,0,0,0,0,0,0,0,-21,-23,-24,-24,-29,-24,-21,0,-6,-6,-6,-7,-9,-2,-2,-2,-2,0,0,0,0,0,0,0,0,0,0,0,0,0,0,0,-8,0,0,0,0,0,-5185,-5073,-29961,-29965,-29960,-29954,-29939,-6117]} 1. e4 c5 2. Nf3 e6 3. c3 Nf6 4. e5 Nd5 5. d4 cxd4 6. cxd4 d6 7. Nc3 Nxc3 8. bxc3 Qc7 9. Bd2 Nd7 10. Ng5 {B22: Sicilian: 2 c3} h6 11. exd6 Bxd6 12. Ne4 Bf4 13. Bd3 b6 14. Bxf4 Qxf4 {LiveBook: 3 Games} 15. O-O Bb7 16. Re1 O-O 17. Qc1 $146 ({Predecessor:} 17. Rc1 Rac8 {0-1 (62) Toufighi,H (2428)-Korneev,O (2597) Rasht 2012}) 17... Qc7 18. Qa3 Bxe4 19. Bxe4 Rad8 20. Rac1 Nf6 21. Bf3 Rd7 22. g3 Rc8 23. Red1 Rcd8 24. Qa4 Qc8 25. Qb3 Qa6 26. a4 Rd6 27. Qb5 Qc8 28. Qb3 Qc7 29. Kg2 R6d7 30. Qb5 g6 31. h4 h5 32. Qb2 Qc4 33. Qb5 Rc7 34. Be2 Qa2 35. Qe5 Qd5+ 36. Qxd5 $1 Rxd5 37. Bb5 e5 38. c4 Rxd4 39. Rxd4 exd4 $11 {[%mdl 4096] Endgame KRB-KRN} 40. Rd1 Ne4 41. Rxd4 Nc5 42. Rd6 Kf8 43. Rc6 Ne6 44. Rxc7 Nxc7 {KB-KN} 45. Kf3 Ke7 46. Bc6 Kd6 47. Bb7 Kc5 48. Ke4 f6 49. Kd3 Ne6 50. Bd5 Kd6 51. Bxe6 Kxe6 {KP-KP} 52. Ke4 $1 g5 53. g4 $2 {[%mdl 8192] [#]} (53. hxg5 $11 fxg5 54. f4) 53... hxg4 $19 54. h5 f5+ {[%cal Bf6f5,Bf5f4][%mdl 32] Black mates.} 55. Kd4 f4 56. a5 Kf6 {Accuracy: White = 55%, Black = 77%.} (56... Kf7 $142 57. h6 Kg6 58. h7 Kxh7 59. Kd3 Kg6 60. Kd2 bxa5 61. Ke2 Kf5 62. c5 Ke6 63. Kd1 Kd7 64. Kd2 Kc6 65. Kd3 Kxc5 66. Kd2 a4 67. Kd3 a3 68. Ke4 a2 69. Kf5 a1=Q 70. Kxg4 Qg1+ 71. Kf5 Qxf2 72. Kg6 f3 73. Kh6 Qd4 74. Kg6 f2 75. Kh6 f1=Q 76. Kh5 Qf7+ 77. Kxg5 Qdf4#) 0-1

[Event "10th LCC FIDE Open 2018"]
[Site "London"]
[Date "2018.12.10"]
[Round "2"]
[White "Willmoth, Robert F"]
[Black "Wadsworth, Matthew J"]
[Result "0-1"]
[WhiteElo "2144"]
[BlackElo "2364"]
[Annotator "TA"]
[PlyCount "134"]
[EventDate "2018.12.09"]
[EventType "swiss"]
[EventCountry "ENG"]
[SourceTitle "playchess.com"]
[Source "ChessBase"]
[SourceQuality "1"]

{[%evp 9,134,-6,41,37,40,51,75,22,14,27,43,34,66,51,51,20,42,6,3,13,20,-9,-8,-33,-29,-58,-54,-69,-58,-77,-49,-73,-60,-58,-16,-23,-38,-207,-196,-198,-194,-177,-188,-291,-293,-300,-283,-339,-331,-368,-295,-303,-303,-296,-298,-301,-308,-310,-312,-311,-303,-306,-306,-296,-235,-271,-240,-336,-322,-334,-335,-312,-333,-312,-312,-312,-312,-400,-312,-403,-374,-312,-312,-526,-513,-641,-641,-640,-641,-641,-640,-633,-607,-572,-557,-567,-538,-531,-422,-570,-382,-558,-516,-604,-600,-672,-643,-960,-959,-2074,-645,-2009,-947,-29962,-29967,-5522,-5197,-29977,-29978,-29980,-29979,-29978,-29979,-29976,-29977,-29981,-29982]} 1. d4 {[%cal Bd2d4,Bd4d5][%mdl 32]} Nf6 2. Nf3 c5 3. c3 b6 4. Bg5 e6 5. d5 (5. Nbd2 Be7 6. e4 Bb7 7. Bd3 O-O 8. O-O d6 9. Re1 Nbd7 10. Qe2 h6 11. Bf4 a6 12. Rad1 Qc7 13. h3 e5 14. Bh2 Rfe8 15. a4 Bf8 16. d5 g6 17. b4 Nh5 {1-0 (43) Meier,G (2647)-Fernandez,D (2496) chess.com INT 2018}) 5... h6 6. Bxf6 $1 {A47: 1 d4 Nf6 2 Nf3 b6: Torre, London and Colle Systems} Qxf6 7. e4 Bb7 $146 ({Predecessor:} 7... exd5 8. Qxd5 Nc6 9. Bc4 Bb7 10. Qd3 g5 11. h3 Ne5 12. Nxe5 Qxe5 {0-1 (38) Leibbrand,U-Florea,D (1965) Germany 1994}) 8. Na3 (8. Bc4 $16) 8... exd5 $11 9. exd5 Bd6 10. Qe2+ Kd8 11. O-O-O $1 Re8 12. Qc2 Na6 13. Nb5 Bf4+ 14. Kb1 Nc7 15. Nxc7 (15. g3 $5 {[%cal Rg3f4]}) 15... Kxc7 16. Qd3 Re7 17. g3 Bd6 18. Bg2 Rae8 19. Rd2 g5 20. Rhd1 Kb8 21. Bh3 Re4 (21... h5 $5 {[%cal Rg5g4]} 22. Qf5 Qxf5+ 23. Bxf5 g4 $15) 22. Bg2 ({Reject} 22. Bxd7 c4 $17) 22... Qe7 23. Nxg5 $2 (23. Qc2 $15) 23... hxg5 $19 24. Bxe4 Qxe4 25. Qxe4 Rxe4 26. f3 (26. Rh1 $142) 26... Re3 27. Rf2 Ba6 28. Kc1 f5 29. Kc2 Be5 30. f4 gxf4 31. gxf4 Bd6 32. b3 Rh3 33. a4 c4 34. b4 b5 35. axb5 Bxb5 {[#] Strongly threatening ...Ba4+.} 36. Rg1 Be7 37. Rg6 Kc7 38. Re2 Bd6 39. Rf2 Rh4 40. Rf6 Bxf4 41. Rxf5 Bxh2 42. Rg2 Bd6 43. Rf3 Ba6 44. Rgf2 Bb7 45. Rf5 Re4 46. Kd1 $2 (46. Rh5) 46... Be5 47. R5f3 Bxd5 48. Kc2 Rh4 49. Re3 d6 50. Rfe2 Kc6 51. Kb2 Rh7 52. Rf2 {[#]} a5 $1 53. bxa5 Ra7 54. Rf8 Kc5 55. Rc8+ (55. Re8 $142) 55... Bc6 56. Rh3 Rxa5 57. Rh7 Ra6 58. Rhc7 Kd5 59. Rb8 Ba4 (59... Ke4 $142 60. Kc2 Ba4+ 61. Kc1 Bb3 62. Rxb3 cxb3) 60. Rcc8 Bb3 61. Ra8 Rxa8 62. Rxa8 Ke4 63. Rg8 Kd3 {Black mates.} 64. Ka3 Bc2 65. Kb4 Bxc3+ 66. Kb5 Be5 67. Rc8 c3 {Accuracy: White = 38%, Black = 77%.} 0-1

[Event "10th LCC FIDE Open 2018"]
[Site "London"]
[Date "2018.12.10"]
[Round "2"]
[White "Tozer, Philip Aa"]
[Black "Lane, Gary W"]
[Result "0-1"]
[WhiteElo "2137"]
[BlackElo "2353"]
[Annotator "TA"]
[PlyCount "108"]
[EventDate "2018.12.09"]
[EventType "swiss"]
[EventCountry "ENG"]
[SourceTitle "playchess.com"]
[Source "ChessBase"]
[SourceQuality "1"]

{[%evp 20,108,20,10,52,45,59,43,64,54,60,64,106,77,70,74,95,43,42,46,56,44,143,114,150,135,135,25,29,11,26,0,0,0,58,-30,-30,-30,-34,-35,-36,-36,-45,-45,-22,-122,-58,-62,-59,-122,-130,-133,-133,-252,-252,-251,-235,-314,-321,-317,-321,-318,-302,-302,-275,-400,-397,-477,-477,-390,-283,-470,-453,-3749,-1863,-6714,-6641,-6457,-6485,-5873,-5519,-4666,-4495,-12798,-12797,-10933,-12390,-6133,-4638,-4631,-4614]} 1. c4 e5 2. g3 Nc6 3. Nc3 g6 4. Bg2 Bg7 5. e4 d6 6. Nge2 h5 7. h4 Bg4 8. f3 {A25: English Opening vs King's Indian with ...Nc6 but without early d3} Be6 9. d3 Qd7 10. Bg5 (10. Nd5 Nce7 11. d4 c6 12. Nxe7 Qxe7 13. d5 Bd7 14. Qb3 b6 15. dxc6 Bxc6 {½-½ (40) Grischuk,A (2760)-Akopian,V (2691) Khanty-Mansiysk 2010}) 10... f6 11. Be3 {LiveBook: 5 Games} Nge7 12. Nd5 f5 13. Bg5 $146 ({Predecessor:} 13. Qd2 O-O 14. O-O Rf7 15. Rac1 Raf8 16. d4 {0-1 (34) Frost,P (1926)-Taher,Y (2368) Johor 2017}) 13... O-O 14. O-O Nc8 15. Qd2 Nd8 16. f4 c6 17. Ne3 Ne7 18. d4 (18. Rae1 $16) 18... exd4 $1 $14 19. Nxd4 fxe4 $1 20. Bxe4 {And now Bxe7 would win.} Nf5 (20... Bh3 $14) 21. Bxf5 Bxf5 22. Nexf5 gxf5 23. Bxd8 ({Better is} 23. Rfe1 $16 {Black must now prevent Re7.} Qf7 24. Rac1) 23... Raxd8 $11 24. Rfe1 {Strongly threatening Ne6.} Rfe8 25. Rad1 Re4 26. Nf3 Rxc4 (26... d5 $11) 27. Ne5 ({White should play} 27. Ng5 $14) 27... Bxe5 $1 28. fxe5 Qg7 $36 {[%mdl 2048] Black has the initiative.} 29. exd6 Qxg3+ 30. Qg2 Qxg2+ 31. Kxg2 Rxh4 $15 {[%mdl 4096] Endgame KRR-KRR} 32. Re5 {[#]} (32. Re7 $11) 32... Rg4+ (32... Kf7 $1 $17 {Hoping for ...Kf6.} 33. d7 Rg4+ 34. Kf3 Rg6) 33. Kf3 Rg6 34. d7 (34. Re7 $15 Rdxd6 35. Rxd6 Rxd6 36. Rxb7) 34... Kf7 $17 35. Rxf5+ {[#]} Rf6 $1 {[%cal Rf6f5]} 36. Kf4 (36. Rxf6+ $17 {is a better defense.} Kxf6 37. Rh1) 36... Rxf5+ $19 37. Kxf5 {KR-KR} Ke7 38. Kg5 Rxd7 39. Re1+ Kd6 40. Kxh5 Kc5 41. Re2 Kc4 42. Kg4 (42. Kg5 {was called for.}) 42... Kd3 43. Rh2 a5 44. Kf4 Re7 45. Rh5 $2 (45. Rh3+ {was the only chance.} Kd4 46. Rh2) 45... a4 {Black is clearly winning.} 46. b3 (46. Rh3+ $142 Kd4 47. Rh2) 46... axb3 47. axb3 Kc3 48. Rh3+ Kb4 49. Rg3 b5 {[%cal Bb7b5,Bb5b4][%mdl 32]} 50. Rh3 c5 51. Rg3 c4 52. bxc4 Kxc4 53. Rg8 b4 54. Rc8+ Kb3 {Accuracy: White = 34%, Black = 71%.} 0-1

[Event "10th LCC FIDE Open 2018"]
[Site "London"]
[Date "2018.12.10"]
[Round "2"]
[White "Burrows, Martin P"]
[Black "Sowray, Peter J"]
[Result "0-1"]
[WhiteElo "2134"]
[BlackElo "2342"]
[Annotator "TA"]
[PlyCount "78"]
[EventDate "2018.12.09"]
[EventType "swiss"]
[EventCountry "ENG"]
[SourceTitle "playchess.com"]
[Source "ChessBase"]
[SourceQuality "1"]

{[%evp 35,78,21,31,25,46,32,117,90,62,23,25,0,17,0,47,33,45,-98,-1,-59,-30,-14,-8,-30,-39,-48,-45,-106,-67,-52,-56,-201,-145,-195,-187,-193,-86,-156,-14,-385,-393,-29994,-29995,-29995,-29996]} 1. e4 e5 2. Nf3 Nc6 3. Bb5 a6 4. Ba4 Nf6 5. O-O Be7 6. Re1 b5 7. Bb3 d6 8. c3 O-O 9. h3 Nb8 10. d4 Nbd7 11. Nbd2 Bb7 12. Bc2 Re8 13. a4 Bf8 14. Bd3 c6 15. b3 g6 16. Bb2 Nh5 {C95: Closed Ruy Lopez: Breyer Variation with 10 d4} 17. Qc2 Nf4 18. Bf1 Rc8 {LiveBook: 8 Games. The position is equal.} 19. axb5 (19. Rad1 Qc7 20. g3 Ne6 21. h4 Bg7 22. Bh3 Rcd8 23. axb5 cxb5 24. d5 {0-1 (46) Hansen,E (2629)-Amin,B (2693) chess.com INT 2018}) 19... cxb5 $146 ({Predecessor:} 19... axb5 20. dxe5 Nxe5 21. c4 Qb6 22. Rad1 Ra8 23. Bd4 Nxf3+ 24. Nxf3 {1-0 (51) Doric,N (2329)-Cornelisse,J (2164) ICCF email 2015}) 20. d5 Qf6 (20... Bg7 $14) 21. g3 Nh5 22. b4 Nb6 23. Nh2 {[%cal Bf3h2,Bh2g4,Bg4e3][%mdl 32]} Qe7 24. Ng4 Na4 25. Ne3 Bh6 26. Nb3 (26. Rxa4 $14 bxa4 27. Ndc4 (27. Qxa4 f5 $11)) 26... Rf8 ({Black should play} 26... Bxe3 $17 27. Rxe3 {[#]} f5 $1 {[%mdl 512]}) 27. Na5 (27. c4 $11) 27... Nxb2 28. Qxb2 f5 29. Nxb7 Qxb7 30. exf5 gxf5 31. Qe2 (31. Ng2 $15) 31... Bxe3 32. Qxe3 f4 33. gxf4 ({White has to play} 33. Qd3 $1 $15) 33... Nxf4 {Hoping for ...Kh8.} 34. Kh2 Kh8 ({But not} 34... Qxd5 35. Rxa6 Rc7 36. Ra7 $17) ({And not} 34... Nxd5 35. Bg2 $15) 35. Be2 Rg8 ({Much less strong is} 35... Qxd5 36. Bf3) (35... Rf6 $19 {and Black stays clearly on top.} 36. Bf3 Rcf8) 36. Bf3 (36. Rg1 $142) 36... Qg7 $40 {[%mdl 128] Black has some attack.} (36... Qd7 $17 {[%csl Gf4][%cal Rd7h3]} 37. Bh1 Rg7) 37. Be4 $2 {[%mdl 8192]} (37. Rg1 $1 $11 {and White has nothing to worry.} Qh6 38. Bg4) 37... Ng2 $19 {[%mdl 64] [#] Double Attack} 38. Qb6 $2 (38. Qd3 $19 Nxe1 39. Rxe1) 38... Nxe1 39. Rxe1 Rxc3 {Accuracy: White =  8%, Black = 29%.} 0-1

[Event "10th LCC FIDE Open 2018"]
[Site "London"]
[Date "2018.12.10"]
[Round "2"]
[White "Lindholm, Jere"]
[Black "Taylor, Adam C"]
[Result "1/2-1/2"]
[WhiteElo "2130"]
[BlackElo "2331"]
[Annotator "TA"]
[PlyCount "61"]
[EventDate "2018.12.09"]
[EventType "swiss"]
[EventCountry "ENG"]
[SourceTitle "playchess.com"]
[Source "ChessBase"]
[SourceQuality "1"]

{[%evp 17,61,14,0,0,0,0,0,0,-8,-6,-7,-70,-72,-64,-53,-60,-43,-50,-48,-88,-94,-202,-194,-204,-201,-218,-209,-349,-339,-475,-441,-383,-292,-292,-278,-331,-233,-233,-231,-220,-123,-176,0,0,0,0]} 1. e4 e5 2. Nf3 Nc6 3. Bb5 Nf6 4. d3 Bc5 5. Bxc6 dxc6 6. Nbd2 {C65: Ruy Lopez: Berlin Defence (3...Nf6), unusual lines and 4 0-0 Bc5} O-O (6... Be6 7. O-O Nd7 8. Nb3 Bb6 9. Ng5 Bxb3 10. axb3 f6 11. Nf3 Nf8 12. Nd2 Qd7 13. Nc4 Ne6 {½-½ (54) Saric,I (2689)-Caruana,F (2827) Batumi 2018}) 7. Qe2 Re8 8. Nc4 Nd7 {[%cal Bf6d7,Bd7f8,Bf8g6,Bg6f4][%mdl 32]} 9. Bd2 f6 {LiveBook: 11 Games} 10. Ne3 Nf8 11. O-O-O Be6 12. Kb1 Qd7 13. Rdg1 $146 ({Predecessor:} 13. Rhg1 a5 {1-0 (40) Chigaev,M (2566)-Fakhrutdinov,T (2429) Khanty-Mansiysk 2017}) 13... a5 14. h3 ({White should play} 14. g4 $11) 14... Qf7 $15 15. a3 Ng6 16. h4 {[%cal Bh3h4,Bh4h5][%mdl 32]} b5 $36 {[%cal Bb7b5,Bb5b4,Bb4b3,Bb3c2][%mdl 2080] Black has the initiative.} 17. h5 Nf4 18. Qf1 b4 (18... Nxh5 19. g4 $11) 19. a4 (19. g3 $17 Nxh5 20. a4) 19... b3 $19 (19... Nxh5 20. g4 $11) 20. g3 bxc2+ ({Resist} 20... Nxh5 21. Qc1 $17) 21. Kc1 Nxh5 22. g4 (22. Nc4 {was called for.}) 22... Nf4 23. g5 (23. Nxc2 $142 Bxf2 {[%mdl 64] Trapped Piece} 24. Rg2 Nxg2 25. Qxg2) 23... Rad8 24. gxf6 Nxd3+ 25. Kxc2 Qxf6 26. Qg2 Rd7 {And now ...Rb8 would win.} 27. Ng4 Bxg4 28. Qxg4 Qe6 (28... Qf7 29. Rxh7 $1 {[%mdl 512]} Red8 30. Rxg7+ $1 {[%mdl 512]} Qxg7 31. Qe6+ Kh8 32. Rh1+ Qh7 33. Qf6+ Kg8 34. Rg1+ Rg7 35. Rxg7+ Qxg7 36. Qxd8+ {[%mdl 64] Double Attack} Qf8 37. Qxd3 $18) (28... Ree7 $19 {Threatens to win with ...Rf7.} 29. Qh4 Qxh4 30. Nxh4 Nxf2) 29. Qh5 {[#]} (29. Qxe6+ $17 Rxe6 30. Rxh7) 29... g6 $2 {[#]} ({Stronger than} 29... Bxf2 30. Qxh7+ Kf8 31. Qh8+ Qg8 32. Rg5 $16) ({Black should try} 29... h6 $1 $19 30. Qxh6 Qxh6 31. Bxh6 Bxf2) 30. Rxg6+ $1 $11 {[%mdl 512]} Qxg6 31. Rg1 {Accuracy: White = 47%, Black = 85%.} 1/2-1/2

[Event "10th LCC FIDE Open 2018"]
[Site "London"]
[Date "2018.12.10"]
[Round "2"]
[White "Bhawoodien, Mohamed Ozayr"]
[Black "Derakhshani, Borna"]
[Result "0-1"]
[WhiteElo "2123"]
[BlackElo "2325"]
[Annotator "TA"]
[PlyCount "42"]
[EventDate "2018.12.09"]
[EventType "swiss"]
[EventCountry "ENG"]
[SourceTitle "playchess.com"]
[Source "ChessBase"]
[SourceQuality "1"]

{[%evp 12,42,2,16,32,20,89,94,86,84,171,83,124,-60,-61,-397,-262,-513,-270,-264,-243,-252,-252,-301,-276,-817,-818,-940,-929,-918,-911,-883,-579]} 1. d4 Nf6 2. c4 g6 3. Nc3 d5 4. Nf3 Bg7 5. h4 (5. Qb3 dxc4 6. Qxc4 O-O 7. e4 Nc6 8. Be2 e5 9. d5 Nd4 10. Nxd4 exd4 11. Qxd4 c6 12. Qc4 b5 13. Qxc6 Bd7 14. Qd6 Re8 15. Bg5 b4 16. Qxb4 Nxd5 17. Nxd5 Qxg5 {½-½ (33) Vidit,S (2711)-Vachier Lagrave,M (2780) chess.com INT 2018}) 5... O-O 6. cxd5 {D90: Grünfeld: 4 Nf3 Bg7 sidelines} Nxd5 7. h5 {LiveBook: 10 Games} Nxc3 8. bxc3 {White is slightly better.} Re8 $146 (8... c5 $11) ({Predecessor:} 8... Bg4 9. hxg6 fxg6 10. Ng5 h6 11. Qb3+ e6 12. Nxe6 Bxe6 13. Qxe6+ {1-0 (35) Kulkarni,V (2179)-Chirag,L Bengaluru 2018}) 9. hxg6 $16 hxg6 10. Bh6 Bh8 (10... Bxh6 $16 11. Rxh6 Nd7) 11. Qc1 (11. e4 $18) 11... c5 {[%cal Rc5d4]} 12. Bf8 $2 ({But not} 12. dxc5 $6 Na6 $11) (12. Qf4 $16) 12... Bf6 $1 $15 ({Weaker is} 12... Rxf8 13. Qh6 Bh3 14. Rxh3 cxd4 15. Qxh8#) 13. Qh6 $4 {[%mdl 8192]} (13. Bh6 $1 $15) 13... Nd7 {[%mdl 64] [#] Trapped Piece} 14. Qh7+ Kxf8 15. Ng5 {[%csl Gg5][%cal Rh7f7]} Bg7 16. Ne6+ fxe6 17. Qxg6 {White wants to mate with Rh7.} Nf6 (17... Qa5 18. Rh3) 18. e4 $2 (18. Rh3 e5 19. Rg3) 18... cxd4 $19 {[%cal Bc5d4,Bd4d3][%mdl 32] Black is clearly winning.} 19. e5 Qa5 20. exf6 Qxc3+ {[%mdl 64] [#] Double Attack} 21. Ke2 d3+ {Accuracy: White = 47%, Black = 63%.} 0-1